| 000 | 00409nam a22001697a 4500 | ||
|---|---|---|---|
| 005 | 20251108170943.0 | ||
| 008 | 250721s1983 xx 000 0 ara d | ||
| 082 | 1 | 4 | _aط/599.61/روب |
| 100 | 1 | _aماري، روبن | |
| 245 | 1 | 0 | _aالفيل / |
| 264 |
_bميدليفانت، _c1983. |
||
| 300 | _a26ص | ||
| 490 | 0 | _aزدني علما | |
| 650 | 1 | 7 | _aالفيل |
| 942 |
_2ddc _cBK |
||
| 999 |
_c52929 _d52929 |
||